| 000 | 00703nam a22001937a 4500 | ||
|---|---|---|---|
| 999 |
_c61795 _d61795 |
||
| 005 | 20240513155741.0 | ||
| 008 | 240513s2006 enk||||| |||| 00| 0 eng d | ||
| 020 | _a9780198529316x | ||
| 041 | _aeng | ||
| 080 | _a616.31 R-66 | ||
| 100 |
_aRobb, Nigel _922077 |
||
| 245 |
_aMedical Emergencies in Dentistry _c Nigel Robb, Jason Leitch. |
||
| 264 |
_aOxford: _bOxford University Press, _c2006. |
||
| 300 |
_a158 p.: _bill.; _c19 cm. |
||
| 653 | _aსასწრაფო სამედიცინო დახმარება სტომატოლოგიაში | ||
| 653 | _aმედიცინა | ||
| 700 |
_aLeitch, Jason _eავტორი _922078 |
||
| 942 |
_2udc _cᲬᲘᲒᲜᲘ |
||